Education of the marginalised: (Record no. 193402)

MARC details
000 -LEADER
fixed length control field 00649nam a22001817a 4500
005 - DATE AND TIME OF LATEST TRANSACTION
control field 20221027171938.0
010 ## - LCCN (DPL NO)
LC control number ENG-135544
020 ## - INTERNATIONAL STANDARD BOOK NUMBER
International Standard Book Number 9789386262035
Terms of availability 170.00
035 ## - SYSTEM CONTROL NUMBER
System control number EN-119076
037 ## - SOURCE OF ACQUISITION
Source of stock number/acquisition DBAD/PUB
082 ## - DEWEY DECIMAL CLASSIFICATION NUMBER
Classification number 371.90460954
245 ## - TITLE STATEMENT
Title Education of the marginalised:
Remainder of title including the excluded/
Statement of responsibility, etc ed. by Indrajeet Dutta
260 ## - PUBLICATION, DISTRIBUTION, ETC. (IMPRINT)
Place of publication, distribution, etc Delhi
Name of publisher, distributor, etc Shipra publications
Date of publication, distribution, etc 2017
270 ## - ADDRESS
Address LG 18-19, Pankaj central market, I.P. Ext., patparganj
City Delhi
Postal code 110092
Telephone number 011-22235152
Electronic mail address info@shiprapublication.com
300 ## - PHYSICAL DESCRIPTION
Extent 198p.
Dimensions 22cm(pbk)
Other physical details Index
700 ## - ADDED ENTRY--PERSONAL NAME
Personal name Dutta, Indrajeet
Relator term Editor
942 ## - ADDED ENTRY ELEMENTS (KOHA)
Source of classification or shelving scheme Dewey Decimal Classification
Item type English Books
Call number suffix EDU
Classification part 371.90460954
Holdings
Withdrawn status Lost status Not for loan Collection code Home library Current library Date acquired Source of acquisition Cost, normal purchase price Full call number Barcode Copy number Cost, replacement price Koha item type
      Non-fiction Andrews Gunj Andrews Gunj 27/10/2022 DBAD/PUB 170.00 371.90460954 EDU EN-119076 1 170.00 English Books

© Delhi Public Library
Hit Counter
free hit counter